[Event "Berlin-ch QT"]
[Site "Berlin"]
[Date "2019.04.28"]
[Round "9"]
[White "Wiese, Hans Joachim"]
[Black "Segerberg, Tomas Olof"]
[Result "0-1"]
[WhiteElo "2023"]
[BlackElo "2008"]
[PlyCount "112"]
[EventDate "2019.04.20"]
[EventType "swiss"]
[EventRounds "9"]
[EventCountry "GER"]
[SourceTitle "EXT 2020"]
[Source "ChessBase"]
[SourceDate "2019.10.17"]
[SourceVersion "1"]
[SourceVersionDate "2019.10.17"]
[SourceQuality "1"]

1. e4 c5 2. Nf3 e6 3. d4 cxd4 4. Nxd4 a6 5. Bd3 Qc7 6. Nd2 Bc5 7. N2f3 Nc6 8. c3 Nge7 9. Be3 Nxd4 10. Nxd4 e5 11. Nc2 d5 12. Bxc5 Qxc5 13. 0-0 Be6 14. Ne3 Rd8 15. Qc2 h6 16. Rae1 0-0 17. exd5 Nxd5 18. Nxd5 Qxd5 19. Be4 Qb5 20. a4 Qc5 21. Re3 b5 22. b4 Qc7 23. axb5 axb5 24. Rfe1 Rc8 25. Bh7+ Kh8 26. Rxe5 Qxc3 27. Qxc3 Rxc3 28. Be4 Bc4 29. Bc6 Rb8 30. R5e3 Rxe3 31. fxe3 Rb6 32. Be4 g6 33. Rd1 Kg7 34. Kf2 Ra6 35. Rd2 Ra3 36. Rb2 Kf6 37. Bf3 Ke5 38. Be2 Bxe2 39. Kxe2 Ke4 40. Kf2 Rxe3 41. Rc2 Rb3 42. Rc7 f5 43. Rc6 g5 44. Rxh6 Rxb4 45. Re6+ Kd5 46. Re8 Re4 47. Ra8 g4 48. Rd8+ Kc4 49. Rc8+ Kd4 50. Rd8+ Kc3 51. Rc8+ Rc4 52. Rf8 b4 53. Rxf5 b3 54. Kg3 b2 55. Rf1 Rb4 56. h4 gxh3 0-1

[Event "Berlin-ch QT"]
[Site "Berlin"]
[Date "2019.04.22"]
[Round "3"]
[White "Wiese, Hans Joachim"]
[Black "Berndt, Ronald"]
[Result "1-0"]
[WhiteElo "2023"]
[BlackElo "1732"]
[PlyCount "89"]
[EventDate "2019.04.20"]
[EventType "swiss"]
[EventRounds "9"]
[EventCountry "GER"]
[SourceTitle "EXT 2020"]
[Source "ChessBase"]
[SourceDate "2019.10.17"]
[SourceVersion "1"]
[SourceVersionDate "2019.10.17"]
[SourceQuality "1"]

1. e4 c5 2. Nf3 e6 3. d4 cxd4 4. Nxd4 a6 5. Bd3 Nf6 6. 0-0 Qc7 7. c3 Nc6 8. Bg5 Be7 9. f4 Qb6 10. Qe2 Nxd4 11. cxd4 Qxd4+ 12. Kh1 b5 13. Nc3 b4 14. e5 bxc3 15. exf6 Bxf6 16. Rad1 Qb4 17. bxc3 Qxc3 18. Rc1 Qa5 19. Bxf6 gxf6 20. f5 Bb7 21. fxe6 dxe6 22. Rxf6 Qg5 23. Rcf1 0-0 24. R6f4 h5 25. Qf2 f5 26. Bc4 Bd5 27. Bxd5 exd5 28. h4 Qg6 29. Qd4 Qe6 30. R1f3 Kh7 31. Re3 Qf7 32. Re5 Rad8 33. Qd3 Qg6 34. Rxd5 Rg8 35. Qf3 Rxd5 36. Qxd5 Rf8 37. Kh2 Qf6 38. Qf3 Kh6 39. Qe3 Kg6 40. Kh3 Rc8 41. g3 Rc3 42. Qe8+ Kh6 43. Qd7 Kg6 44. Rd4 Re3 45. Rd6 1-0

[Event "Berlin-ch QT"]
[Site "Berlin"]
[Date "2018.04.08"]
[Round "9"]
[White "Wiese, Hans Joachim"]
[Black "Grillich, Alexander"]
[Result "0-1"]
[WhiteElo "2041"]
[BlackElo "1913"]
[PlyCount "120"]
[EventDate "2018.03.31"]
[EventType "swiss"]
[EventRounds "9"]
[EventCountry "GER"]
[SourceTitle "EXT 2020"]
[Source "ChessBase"]
[SourceDate "2019.10.17"]
[SourceVersion "1"]
[SourceVersionDate "2019.10.17"]
[SourceQuality "1"]

1. e4 c5 2. Nf3 e6 3. c3 d6 4. d4 Be7 5. Bd3 Nd7 6. 0-0 a6 7. a4 b6 8. Na3 Bb7 9. Qe2 Ngf6 10. Rd1 0-0 11. e5 dxe5 12. dxe5 Bxf3 13. gxf3 Nd5 14. Qe4 g6 15. Bh6 Re8 16. Nc4 Bg5 17. Bxg5 Qxg5+ 18. Qg4 Qxg4+ 19. fxg4 f5 20. Bf1 Rad8 21. Nd6 Re7 22. Bxa6 Nxe5 23. Nc8 Red7 24. c4 Nb4 25. Rxd7 Rxd7 26. Bb5 Rb7 27. gxf5 exf5 28. f4 Nf3+ 29. Kf2 Nd4 30. a5 bxa5 31. Rxa5 Nd3+ 32. Ke3 Nxb2 33. Ra8 Kg7 34. Ba6 Rb3+ 35. Kd2 Nd3 36. Ra7+ Kh6 37. Nd6 Nxf4 38. Nf7+ Kh5 39. Ne5 h6 40. Nd7 Rd3+ 41. Ke1 Nfe6 42. Nf6+ Kg5 43. Nd5 Ra3 44. Ra8 Nc2+ 45. Kd2 Nb4 46. Bb7 Rxa8 47. Bxa8 f4 48. Nc3 Kf6 49. Bd5 Nxd5 50. cxd5 Nd4 51. Kd3 Ke5 52. Kc4 f3 53. Nd1 g5 54. Nf2 h5 55. h3 Kf4 56. d6 Ne6 57. Nd3+ Ke3 58. Nxc5 Nd8 59. Kd5 f2 60. Ne6 Nxe6 0-1

[Event "Berlin-ch QT"]
[Site "Berlin"]
[Date "2017.04.11"]
[Round "3"]
[White "Hintze, Peter"]
[Black "Wiese, Hans Joachim"]
[Result "1-0"]
[WhiteElo "2035"]
[BlackElo "2051"]
[PlyCount "75"]
[EventDate "2017.04.09"]
[EventType "swiss"]
[EventRounds "9"]
[EventCountry "GER"]
[SourceTitle "CBM 189 Extra"]
[Source "ChessBase"]
[SourceDate "2019.05.31"]
[SourceVersion "1"]
[SourceVersionDate "2019.05.31"]
[SourceQuality "1"]

1. e4 d6 2. d4 Nf6 3. Nc3 g6 4. Bf4 c6 5. Qd2 b5 6. Bd3 b4 7. Nd1 a5 8. Ne2 Bg7 9. Bh6 0-0 10. Bxg7 Kxg7 11. 0-0 Ba6 12. c4 bxc3 13. Nexc3 Bxd3 14. Qxd3 Na6 15. Ne3 Nb4 16. Qd2 Qd7 17. h3 Qe6 18. f3 h5 19. a3 Na6 20. Rac1 c5 21. d5 Qd7 22. f4 Qb7 23. Rce1 Nc7 24. e5 Nd7 25. exd6 exd6 26. Ne4 Rab8 27. Qc3+ f6 28. Nxd6 Qxb2 29. Qxa5 Nxd5 30. Nxd5 Qd4+ 31. Kh1 Qxd5 32. Re7+ Kg8 33. Rxd7 Rb2 34. Rg1 Rb3 35. Kh2 Qd4 36. Rf1 g5 37. Qa7 f5 38. Nxf5 1-0

[Event "Berlin-ch QT"]
[Site "Berlin"]
[Date "2016.04.01"]
[Round "7"]
[White "Dathe, Frederick"]
[Black "Wiese, Hans Joachim"]
[Result "1/2-1/2"]
[WhiteElo "1772"]
[BlackElo "2064"]
[PlyCount "46"]
[EventDate "2016.03.26"]
[EventType "swiss"]
[EventRounds "9"]
[EventCountry "GER"]
[SourceTitle "EXT 2022"]
[Source "ChessBase"]
[SourceDate "2021.10.06"]
[SourceVersion "1"]
[SourceVersionDate "2021.10.06"]
[SourceQuality "1"]

1. d4 Nf6 2. c4 c5 3. Nf3 cxd4 4. Nxd4 Nc6 5. Nc3 g6 6. e4 d6 7. Be2 Bg7 8. Be3 0-0 9. Qd2 Ng4 10. Bxg4 Bxg4 11. f3 Be6 12. Nxe6 fxe6 13. 0-0 Qa5 14. Rac1 Rac8 15. Rfd1 Qh5 16. Ne2 a6 17. b3 Rf7 18. Nf4 Qg5 19. Kh1 Rcf8 20. Nd3 Qh5 21. Rf1 Kh8 22. Nf4 Qe5 23. Nd3 Qh5 1/2-1/2

[Event "Berlin-ch QT"]
[Site "Berlin"]
[Date "2015.04.11"]
[Round "9"]
[White "Jaeger, Andre"]
[Black "Wiese, Hans Joachim"]
[Result "1-0"]
[WhiteElo "1947"]
[BlackElo "2100"]
[PlyCount "67"]
[EventDate "2015.04.03"]
[EventType "swiss"]
[EventRounds "9"]
[EventCountry "GER"]
[SourceTitle "EXT 2022"]
[Source "ChessBase"]
[SourceDate "2021.10.06"]
[SourceVersion "1"]
[SourceVersionDate "2021.10.06"]
[SourceQuality "1"]

1. d4 Nf6 2. c4 g6 3. g3 Bg7 4. Bg2 d6 5. Nf3 0-0 6. Nc3 Nbd7 7. 0-0 c6 8. e4 e5 9. h3 Qc7 10. Be3 Nb6 11. b3 exd4 12. Nxd4 a6 13. Qd2 Nbd7 14. Rad1 b5 15. Nxc6 Qxc6 16. e5 Qxg2+ 17. Kxg2 Bb7+ 18. f3 dxe5 19. Nd5 bxc4 20. Nxf6+ Nxf6 21. bxc4 Rac8 22. Qb4 Bc6 23. Qb6 h5 24. Rd6 Nd7 25. Qxa6 Nb8 26. Qa7 Rfe8 27. Rfd1 Bf8 28. R6d2 Bb4 29. Rb2 Re7 30. Qb6 Ba3 31. Rb3 Ba4 32. Rd8+ Rxd8 33. Qxd8+ Re8 34. Rxb8 1-0

[Event "Berlin-ch QT"]
[Site "Berlin"]
[Date "2015.04.10"]
[Round "8"]
[White "Wiese, Hans Joachim"]
[Black "Hiller, Bernd"]
[Result "1-0"]
[WhiteElo "2100"]
[BlackElo "1908"]
[PlyCount "83"]
[EventDate "2015.04.03"]
[EventType "swiss"]
[EventRounds "9"]
[EventCountry "GER"]
[SourceTitle "EXT 2022"]
[Source "ChessBase"]
[SourceDate "2021.10.06"]
[SourceVersion "1"]
[SourceVersionDate "2021.10.06"]
[SourceQuality "1"]

1. e4 d5 2. exd5 Nf6 3. Bb5+ Bd7 4. Bc4 Bg4 5. Nf3 Nxd5 6. Nc3 e6 7. 0-0 c6 8. Ne4 Nf6 9. Ng3 Nbd7 10. Be2 Bd6 11. d4 Qc7 12. c3 h5 13. Re1 h4 14. Nf1 0-0-0 15. Ng5 Bxe2 16. Qxe2 Rdf8 17. b4 Bf4 18. b5 cxb5 19. Qxb5 Rh5 20. Bxf4 Qxf4 21. Qc4+ Kb8 22. Nh3 Qd6 23. Rab1 Rc8 24. Qb3 Rc7 25. Ne3 g5 26. f3 Nb6 27. Nf2 Qc6 28. c4 h3 29. Nxh3 Rxh3 30. gxh3 Qxf3 31. Rf1 Qe4 32. Rxf6 Qxd4 33. Rf2 f5 34. Rd1 Qc5 35. Rd8+ Nc8 36. Qd3 f4 37. Ng4 a6 38. Qd4 Qxc4 39. Qxc4 Rxc4 40. Rg8 Rc5 41. Nf6 Ka7 42. Ne4 1-0

[Event "Berlin-ch QT"]
[Site "Berlin"]
[Date "2015.04.05"]
[Round "3"]
[White "Seefeld, Marc"]
[Black "Wiese, Hans Joachim"]
[Result "1/2-1/2"]
[WhiteElo "1882"]
[BlackElo "2100"]
[PlyCount "51"]
[EventDate "2015.04.03"]
[EventType "swiss"]
[EventRounds "9"]
[EventCountry "GER"]
[SourceTitle "EXT 2022"]
[Source "ChessBase"]
[SourceDate "2021.10.06"]
[SourceVersion "1"]
[SourceVersionDate "2021.10.06"]
[SourceQuality "1"]

1. d4 Nf6 2. c4 d6 3. Nc3 g6 4. Nf3 Bg7 5. e3 Nbd7 6. Be2 0-0 7. 0-0 Re8 8. Qc2 c6 9. Rd1 Qc7 10. b3 Nf8 11. Bb2 Bg4 12. h3 Bxf3 13. Bxf3 Ne6 14. Rac1 Rac8 15. d5 Ng5 16. Be2 cxd5 17. Nxd5 Nxd5 18. Rxd5 Bxb2 19. Qxb2 Ne6 20. Rcd1 Nc5 21. Qd4 Ne6 22. Qg4 Nf8 23. h4 Nd7 24. Qf3 Nf6 25. R5d4 Qc6 26. g4 1/2-1/2

[Event "Oberliga Nord O 1314"]
[Site "Germany"]
[Date "2013.11.20"]
[Round "3.7"]
[White "Mueller, Michael1"]
[Black "Wiese, Hans Joachim"]
[Result "0-1"]
[WhiteElo "2263"]
[BlackElo "2115"]
[PlyCount "122"]
[EventDate "2013.10.13"]
[EventType "team-tourn"]
[EventRounds "9"]
[EventCountry "GER"]
[SourceTitle "EXT 2015"]
[Source "ChessBase"]
[SourceDate "2014.11.20"]
[SourceVersion "1"]
[SourceVersionDate "2014.11.20"]
[SourceQuality "1"]
[WhiteTeam "Pankow Rotation"]
[BlackTeam "Steglitz Wilmersdorf"]
[WhiteTeamCountry "GER"]
[BlackTeamCountry "GER"]

1. d4 Nf6 2. c4 g6 3. Nc3 Bg7 4. e4 d6 5. f3 0-0 6. Bg5 c5 7. d5 e6 8. Qd2 exd5 9. cxd5 a6 10. a4 Re8 11. Nge2 b6 12. Ng3 Nbd7 13. Be2 Qc7 14. 0-0 Bb7 15. b3 Re5 16. f4 Rxg5 17. fxg5 Ne8 18. Rac1 Ne5 19. Nd1 Qe7 20. Nf2 f6 21. gxf6 Nxf6 22. b4 Nf7 23. Rb1 Bc8 24. bxc5 bxc5 25. Rb3 h5 26. Bf3 Kh7 27. Rfb1 Ne5 28. Rb8 Rxb8 29. Rxb8 Qc7 30. Rb1 h4 31. Nf1 h3 32. Qf4 hxg2 33. Bxg2 Nh5 34. Qe3 Qf7 35. Nh3 Bxh3 36. Qxh3 Qf4 37. Qe3 Qh4 38. Qh3 Qf4 39. Qe3 Qh4 40. Qf2 Qg5 41. Kh1 Ng4 42. Qf3 Bd4 43. Rb7+ Bg7 44. h3 Ne5 45. Qe3 Qf6 46. Nd2 c4 47. Rc7 Nf4 48. Nxc4 Qg5 49. Bf1 Qf6 50. Nxe5 Nxd5 51. exd5 Qxf1+ 52. Kh2 dxe5 53. d6 Qd1 54. Qxe5 Qd2+ 55. Kg3 Qd3+ 56. Kh4 g5+ 57. Kxg5 Qd2+ 58. Kh4 Qf2+ 59. Kg4 Qg2+ 60. Qg3 Qe4+ 61. Qf4 Qe2+ 0-1

[Event "Hostafrancs op 4th"]
[Site "Barcelona"]
[Date "2002.??.??"]
[Round "?"]
[White "Berzinsh, Roland"]
[Black "Wiese, Hans Joachim"]
[Result "1-0"]
[WhiteElo "2463"]
[BlackElo "2152"]
[PlyCount "61"]
[EventDate "2002.08.30"]
[EventType "swiss"]
[EventRounds "10"]
[EventCountry "ESP"]
[SourceTitle "CBM 090 Extra"]
[Source "ChessBase"]
[SourceDate "2002.11.07"]
[SourceVersion "1"]
[SourceVersionDate "2002.11.07"]
[SourceQuality "1"]

1. e4 g6 2. d4 Bg7 3. Nc3 c6 4. h3 b5 5. e5 d6 6. f4 d5 7. Nf3 b4 8. Na4 h5 9. Nc5 e6 10. a3 bxa3 11. b3 Nh6 12. Bd3 Nd7 13. Nxe6 fxe6 14. Bxg6+ Kf8 15. Ng5 Kg8 16. Qxh5 Qf8 17. 0-0 Qe7 18. Bxa3 c5 19. Qf3 Nf8 20. Bxc5 Nxg6 21. Bxe7 Nxe7 22. Qc3 Bf8 23. Qc7 Nhf5 24. Rxa7 Rxa7 25. Qxa7 Ng3 26. Rf3 Ne4 27. Qc7 Rh6 28. Qd8 Rg6 29. h4 Nd2 30. Rg3 Ne4 31. Nxe4 1-0

[Event "Lisbon op"]
[Site "Lisbon"]
[Date "2001.08.26"]
[Round "6"]
[White "Wiese, Hans Joachim"]
[Black "Costa, Joao Guerra"]
[Result "0-1"]
[WhiteElo "2182"]
[BlackElo "2021"]
[PlyCount "70"]
[EventDate "2001.08.21"]
[EventType "swiss"]
[EventRounds "9"]
[EventCountry "POR"]
[SourceTitle "EXT 2002"]
[Source "ChessBase"]
[SourceDate "2001.11.25"]
[SourceVersion "1"]
[SourceVersionDate "2001.11.25"]
[SourceQuality "1"]

1. e4 c5 2. Nf3 a6 3. Nc3 d6 4. d4 cxd4 5. Nxd4 Nf6 6. Bd3 e6 7. 0-0 b5 8. a4 b4 9. Nce2 Bb7 10. Ng3 Nbd7 11. Bd2 Qb6 12. Be3 Qc7 13. Bd2 Qb6 14. c3 Nc5 15. a5 Qc7 16. Qe2 bxc3 17. Bxc3 Be7 18. Rac1 0-0 19. Bb4 Rac8 20. Rfe1 Rfd8 21. Bc2 d5 22. exd5 Nxd5 23. Bd2 Nf4 24. Bxf4 Qxf4 25. b4 Rxd4 26. bxc5 Rd2 27. Qf1 Bxc5 28. Re2 Ba7 29. Qe1 Rxe2 30. Nxe2 Qg5 31. Qf1 Qd2 32. Qd1 Qxa5 33. h3 Qg5 34. Bxh7+ Kxh7 35. Rxc8 Qxg2# 0-1

[Event "Lisbon op"]
[Site "Lisbon"]
[Date "2001.08.25"]
[Round "5"]
[White "De la Villa Garcia, Jesus Maria"]
[Black "Wiese, Hans Joachim"]
[Result "1-0"]
[WhiteElo "2470"]
[BlackElo "2182"]
[PlyCount "41"]
[EventDate "2001.08.21"]
[EventType "swiss"]
[EventRounds "9"]
[EventCountry "POR"]
[SourceTitle "EXT 2002"]
[Source "ChessBase"]
[SourceDate "2001.11.25"]
[SourceVersion "1"]
[SourceVersionDate "2001.11.25"]
[SourceQuality "1"]

1. e4 e5 2. f4 exf4 3. Nf3 Nf6 4. e5 Nh5 5. Be2 g5 6. 0-0 Rg8 7. d4 d5 8. c4 c6 9. Nc3 Be6 10. cxd5 cxd5 11. Qd3 Rg6 12. Nh4 gxh4 13. Bxh5 Rg5 14. Bf3 h3 15. Bxf4 hxg2 16. Rf2 Rg8 17. Qb5+ Nc6 18. Nxd5 Bxd5 19. Bxd5 Qd7 20. e6 fxe6 21. Bxe6 1-0

[Event "Berlin tt 0001"]
[Site "Berlin"]
[Date "2001.04.08"]
[Round "8.5"]
[White "Wiese, Hans Joachim"]
[Black "Schmidbauer, Martin Daniel"]
[Result "1-0"]
[WhiteElo "2115"]
[BlackElo "2152"]
[PlyCount "87"]
[EventDate "2000.10.22"]
[EventType "team-tourn"]
[EventRounds "11"]
[EventCountry "GER"]
[SourceTitle "EXT 2007"]
[Source "ChessBase"]
[SourceDate "2006.11.23"]
[SourceVersion "1"]
[SourceVersionDate "2006.11.23"]
[SourceQuality "1"]

1. e4 c5 2. Nf3 Nc6 3. Bb5 g6 4. c3 Bg7 5. 0-0 Nf6 6. Qe2 0-0 7. d4 d5 8. e5 Ne4 9. Nbd2 cxd4 10. cxd4 Bf5 11. Nb3 f6 12. exf6 Rxf6 13. Bxc6 Rxc6 14. Ne5 Bxe5 15. dxe5 Rc4 16. Be3 Qc7 17. f3 Qxe5 18. fxe4 Rxe4 19. Rae1 Rd8 20. Qd2 b6 21. Bf4 Qg7 22. Rxe4 Bxe4 23. Bh6 Qe5 24. Qf2 Qf6 25. Qd2 Qe5 26. Nd4 Rc8 27. Qc3 Re8 28. Qe3 Rc8 29. Qf2 Bf5 30. g4 Rc4 31. Be3 e6 32. gxf5 exf5 33. b3 Rc3 34. Re1 Qe4 35. Bf4 Qd3 36. Bd2 Rc8 37. Bh6 Qh3 38. Bf4 Qg4+ 39. Kh1 g5 40. Bd2 f4 41. Rg1 Qh5 42. Qxf4 h6 43. Qe5 Qf7 44. Bxg5 1-0

[Event "Berlin tt 0001"]
[Site "Berlin"]
[Date "2001.02.25"]
[Round "6.6"]
[White "Sondermann, Johannes"]
[Black "Wiese, Hans Joachim"]
[Result "1/2-1/2"]
[WhiteElo "2011"]
[BlackElo "2115"]
[PlyCount "111"]
[EventDate "2000.10.22"]
[EventType "team-tourn"]
[EventRounds "11"]
[EventCountry "GER"]
[SourceTitle "EXT 2007"]
[Source "ChessBase"]
[SourceDate "2006.11.23"]
[SourceVersion "1"]
[SourceVersionDate "2006.11.23"]
[SourceQuality "1"]

1. e4 e5 2. Nf3 Nc6 3. Bb5 g6 4. c3 d6 5. d4 Bd7 6. 0-0 Bg7 7. dxe5 Nxe5 8. Nxe5 Bxe5 9. Qb3 Rb8 10. Bc4 Qe7 11. Be3 b6 12. Nd2 Bg7 13. Bd4 Bxd4 14. cxd4 Nf6 15. Qe3 Ng4 16. Qf4 Qf6 17. Qxf6 Nxf6 18. e5 dxe5 19. dxe5 Nh5 20. Ne4 0-0 21. g3 Rbd8 22. Ng5 Ng7 23. Rad1 Be6 24. Nxe6 Nxe6 25. f4 Nd4 26. Kf2 c5 27. a4 Kg7 28. g4 Rfe8 29. Rfe1 a5 30. h4 Rc8 31. h5 Rc7 32. Rd2 Rce7 33. hxg6 hxg6 34. Bb5 Rf8 35. Kg3 Rc7 36. Bd3 Nb3 37. Rdd1 Rd8 38. f5 Rcd7 39. Be2 Rxd1 40. Rxd1 Rxd1 41. Bxd1 Nd4 42. Kf4 gxf5 43. gxf5 Kf8 44. Bf3 b5 45. axb5 Nxb5 46. Ke4 c4 47. Kd5 c3 48. bxc3 Nxc3+ 49. Kc4 Na4 50. Kb5 Nc3+ 51. Kxa5 Ke7 52. Kb4 Nb1 53. Bd5 f6 54. e6 Kd6 55. Kb3 Nd2+ 56. Kc3 1/2-1/2

[Event "Berlin tt 0001"]
[Site "Berlin"]
[Date "2000.12.17"]
[Round "4.5"]
[White "Venske, Kai Gerrit"]
[Black "Wiese, Hans Joachim"]
[Result "0-1"]
[WhiteElo "2186"]
[BlackElo "2115"]
[PlyCount "110"]
[EventDate "2000.10.22"]
[EventType "team-tourn"]
[EventRounds "11"]
[EventCountry "GER"]
[SourceTitle "EXT 2007"]
[Source "ChessBase"]
[SourceDate "2006.11.23"]
[SourceVersion "1"]
[SourceVersionDate "2006.11.23"]
[SourceQuality "1"]

1. e4 e5 2. f4 exf4 3. Nf3 Nf6 4. e5 Nh5 5. Qe2 g5 6. g4 fxg3 7. d4 h6 8. Nc3 Bb4 9. Qe4 Qe7 10. Qg4 Nf6 11. Qf5 Nd5 12. Bd2 Bxc3 13. bxc3 Nc6 14. Qe4 Nf6 15. Qe2 Nh5 16. d5 g4 17. dxc6 gxf3 18. Qxf3 g2 19. Bxg2 Qh4+ 20. Qf2 Qxf2+ 21. Kxf2 dxc6 22. Rhg1 Bf5 23. Bf3 Bg6 24. Bg4 Ng7 25. Rae1 Bf5 26. Bxf5 Nxf5 27. Bf4 0-0-0 28. Rd1 Rd5 29. Rxd5 cxd5 30. Rg4 Kd7 31. Kf3 Ke6 32. Ke2 c5 33. Rg1 b6 34. a4 Rb8 35. Ra1 Rg8 36. Kf2 Rg4 37. Kf3 h5 38. Bg3 Nxg3 39. hxg3 Rc4 40. Ra3 Kxe5 41. Kg2 f5 42. Kf3 h4 43. gxh4 Rxh4 44. Kg3 Re4 45. Kf2 f4 46. a5 Re3 47. axb6 axb6 48. Rb3 c4 49. Rxb6 Rxc3 50. Rb2 Ke4 51. Ke2 Rh3 52. Rb8 Rh2+ 53. Kd1 f3 54. Re8+ Kd4 55. Rf8 Rh1+ 0-1

[Event "Berlin tt 0001"]
[Site "Berlin"]
[Date "2000.10.22"]
[Round "1.6"]
[White "Barwich, Alfred"]
[Black "Wiese, Hans Joachim"]
[Result "1-0"]
[WhiteElo "2045"]
[BlackElo "2115"]
[PlyCount "120"]
[EventDate "2000.10.22"]
[EventType "team-tourn"]
[EventRounds "11"]
[EventCountry "GER"]
[SourceTitle "EXT 2007"]
[Source "ChessBase"]
[SourceDate "2006.11.23"]
[SourceVersion "1"]
[SourceVersionDate "2006.11.23"]
[SourceQuality "1"]

1. d4 Nf6 2. c4 g6 3. Nc3 Bg7 4. e4 d6 5. f3 0-0 6. Be3 c6 7. Qd2 e5 8. Nge2 a6 9. 0-0-0 Qa5 10. Kb1 b5 11. Nc1 bxc4 12. dxe5 dxe5 13. Bxc4 Nbd7 14. g4 Nb6 15. Be2 Be6 16. Nd5 Qxd2 17. Ne7+ Kh8 18. Rxd2 Nc4 19. Bxc4 Bxc4 20. Nxc6 Rfe8 21. Rhd1 Bb5 22. Nb4 Rac8 23. Nd5 Ba4 24. b3 Nxd5 25. Rxd5 Bc6 26. Ra5 f5 27. Rxa6 fxg4 28. Rd6 Ba8 29. Rxa8 Rxa8 30. fxg4 Rac8 31. a4 Rb8 32. Bb6 Rf8 33. Be3 Rf1 34. Rd2 Bf8 35. Kb2 Rc8 36. Na2 Re1 37. Bg5 Rxe4 38. h3 Bg7 39. a5 h6 40. Rd8+ Rxd8 41. Bxd8 Bf8 42. Nc3 Re3 43. Bb6 Rxh3 44. a6 Rh2+ 45. Kb1 Rh1+ 46. Kc2 Rh2+ 47. Kd3 Rh3+ 48. Kc2 Bb4 49. Nd5 Rh2+ 50. Kd3 Bd6 51. a7 Ra2 52. b4 h5 53. Ba5 e4+ 54. Kc4 Rc2+ 55. Nc3 Rf2 56. a8Q+ Rf8 57. Qb7 e3 58. Kd3 hxg4 59. Qd7 Bh2 60. Qxg4 Kg7 1-0

[Event "VISA GP"]
[Site "Reykjavik"]
[Date "1998.03.18"]
[Round "9"]
[White "Schubert, Hans Joachim"]
[Black "Wiese, Hans Joachim"]
[Result "1/2-1/2"]
[WhiteElo "2070"]
[BlackElo "2165"]
[PlyCount "142"]
[EventDate "1998.03.10"]
[EventType "swiss"]
[EventRounds "9"]
[EventCountry "ISL"]
[SourceTitle "CBM 064"]
[Source "ChessBase"]
[SourceDate "1998.06.02"]
[SourceVersion "1"]
[SourceVersionDate "1998.06.02"]
[SourceQuality "1"]

1. e4 e5 2. Nf3 d6 3. d4 Bg4 4. dxe5 Nd7 5. exd6 Bxd6 6. Nc3 Qe7 7. Be2 Ngf6 8. Nd4 Bxe2 9. Qxe2 g6 10. Ndb5 Be5 11. f4 Bxc3+ 12. Nxc3 0-0-0 13. e5 Nh5 14. 0-0 Ng7 15. Qf2 Nb6 16. a4 Kb8 17. a5 Nc8 18. Qf3 a6 19. Be3 Nf5 20. Bf2 h5 21. Rfd1 Rxd1+ 22. Rxd1 Qb4 23. b3 Re8 24. Ne4 Qxa5 25. Nc5 c6 26. g3 Rd8 27. Rxd8 Qxd8 28. Qd3 Qxd3 29. Nxd3 Kc7 30. Kg2 b6 31. Kf3 Nfe7 32. h3 c5 33. Nb2 Kc6 34. Ke4 Nf5 35. c3 Nce7 36. c4 Kb7 37. g4 hxg4 38. hxg4 Nh6 39. Kf3 Nc6 40. Nd3 Na5 41. Nc1 Kc6 42. Be1 Nb7 43. Bd2 Ng8 44. f5 gxf5 45. gxf5 Kd7 46. Ke4 Nd8 47. Bc3 Nc6 48. Nd3 a5 49. Nf4 Nb4 50. e6+ fxe6 51. fxe6+ Ke7 52. Bxb4 cxb4 53. Kd5 a4 54. bxa4 b3 55. Nd3 Nf6+ 56. Kc6 Kxe6 57. Kxb6 Kd6 58. a5 Nd7+ 59. Kb5 Ne5 60. Nb2 Kc7 61. c5 Nc6 62. a6 Na7+ 63. Kc4 Kc6 64. Nd3 Nb5 65. Nb4+ Kc7 66. Kxb3 Nd4+ 67. Kc4 Ne6 68. Nd5+ Kb8 69. Kb5 Ka7 70. c6 Nd4+ 71. Kc5 Nxc6 1/2-1/2

[Event "VISA GP"]
[Site "Reykjavik"]
[Date "1998.03.14"]
[Round "5"]
[White "Olafsson, Thorvadur F"]
[Black "Wiese, Hans Joachim"]
[Result "1/2-1/2"]
[WhiteElo "2015"]
[BlackElo "2165"]
[PlyCount "100"]
[EventDate "1998.03.10"]
[EventType "swiss"]
[EventRounds "9"]
[EventCountry "ISL"]
[SourceTitle "CBM 064"]
[Source "ChessBase"]
[SourceDate "1998.06.02"]
[SourceVersion "1"]
[SourceVersionDate "1998.06.02"]
[SourceQuality "1"]

1. e4 e5 2. Nf3 Nf6 3. Nxe5 d6 4. Nf3 Nxe4 5. Nc3 Nxc3 6. dxc3 Be7 7. Bd3 Nd7 8. Be3 c6 9. Qe2 Nf6 10. 0-0-0 0-0 11. Ng5 b5 12. Bd4 g6 13. Rde1 Nd5 14. Nxh7 Nf4 15. Qxe7 Qxe7 16. Rxe7 Nxd3+ 17. cxd3 Kxh7 18. Bxa7 c5 19. a3 Be6 20. Re1 Kh6 21. d4 b4 22. dxc5 bxa3 23. bxa3 Rfc8 24. Kb2 Rc6 25. cxd6 Rxd6 26. Be3+ g5 27. Rb7 Kg6 28. Rb5 g4 29. Rb4 Rda6 30. Ra1 Rh8 31. c4 Rxh2 32. g3 Rh5 33. Kc3 Rha5 34. a4 Bd7 35. Rb6+ Rxb6 36. Bxb6 Rxa4 37. Rxa4 Bxa4 38. Kb4 Bd1 39. Kc5 Bb3 40. Kd5 Kf6 41. Bd8+ Kf5 42. Be7 Ba2 43. Bd8 Bb3 44. Kc5 Ke6 45. Kb5 Kd7 46. Bf6 Kc7 47. c5 Bd1 48. c6 Bf3 49. Be5+ Kc8 50. Kc5 f5 1/2-1/2

[Event "Paris op"]
[Site "Paris"]
[Date "1998.??.??"]
[Round "9"]
[White "Wiese, Hans Joachim"]
[Black "Bognar, Csaba"]
[Result "1-0"]
[WhiteElo "2140"]
[BlackElo "2250"]
[PlyCount "43"]
[EventDate "1998.07.??"]
[EventType "swiss"]
[EventRounds "9"]
[EventCountry "FRA"]
[SourceTitle "EXT 2000"]
[Source "ChessBase"]
[SourceDate "1999.11.16"]
[SourceVersion "1"]
[SourceVersionDate "1999.11.16"]
[SourceQuality "1"]

1. e4 d6 2. d4 Nf6 3. Nc3 g6 4. f3 Bg7 5. Be3 0-0 6. Qd2 Nbd7 7. 0-0-0 e5 8. d5 Ne8 9. g4 Nb6 10. h4 f5 11. Bg5 Bf6 12. Bh6 Rf7 13. gxf5 gxf5 14. Nh3 Bxh4 15. Qg2+ Ng7 16. Bg5 Bxg5+ 17. Nxg5 Rf6 18. Nxh7 Rf7 19. Bd3 f4 20. Rdg1 Qe7 21. Qh2 Bd7 22. Ng5 1-0